Standard costing : (Record no. 15291)
[ view plain ]
| 000 -LEADER | |
|---|---|
| fixed length control field | 00732nam a22002292i 4500 |
| 001 - CONTROL NUMBER | |
| control field | 15291 |
| 003 - CONTROL NUMBER IDENTIFIER | |
| rucl marc code | BD-RjUL |
| 005 - DATE AND TIME OF LATEST TRANSACTION | |
| control field | 20211208235803.0 |
| 008 - FIXED-LENGTH DATA ELEMENTS--GENERAL INFORMATION | |
| fixed length control field | 140209r19631956enka 001 0 eng d |
| 035 ## - SYSTEM CONTROL NUMBER | |
| System control number | (BD-RjUL)15345 |
| 040 ## - CATALOGING SOURCE | |
| Original cataloging agency | FXG |
| Transcribing agency | FXG |
| Modifying agency | EQO |
| -- | BD-RjUL |
| Language of cataloging | eng |
| 041 ## - LANGUAGE CODE | |
| Language code of text/sound track or separate title | eng |
| 082 ## - DEWEY DECIMAL CLASSIFICATION NUMBER | |
| Classification number | 658.1552 |
| Author mark and year | INS 1963 |
| 090 ## - LOCALLY ASSIGNED LC-TYPE CALL NUMBER (OCLC); LOCAL CALL NUMBER (OCLC) | |
| Classification number (OCLC) (R) ; Classification number, CALL (RLIN) (NR) | HF5686.C8 |
| Local cutter number (OCLC) ; Book number/undivided call number, CALL (RLIN) | 20 |
| 110 2# - MAIN ENTRY--CORPORATE NAME | |
| Corporate name or jurisdiction name as entry element | Institute of Chartered Accountants in England and Wales. |
| 9 (RLIN) | 44141 |
| 245 10 - TITLE STATEMENT | |
| Title | Standard costing : |
| Remainder of title | an introduction to the accounting processes / |
| 260 ## - PUBLICATION, DISTRIBUTION, ETC. (IMPRINT) | |
| Place of publication, distribution, etc. | London : |
| Name of publisher, distributor, etc. | Institute of Chartered Accountants in England and Wales, |
| Date of publication, distribution, etc. | c1956 [ Reprinted 1963]. |
| 300 ## - PHYSICAL DESCRIPTION | |
| Pagination | 101 p. ; |
| Size | 22 cm. |
| 504 ## - BIBLIOGRAPHY, ETC. NOTE | |
| Bibliography, etc | Includes index. |
| 650 #0 - SUBJECT ADDED ENTRY--TOPICAL TERM | |
| Topical term or geographic name as entry element | Cost Analysis |
| 9 (RLIN) | 47537 |
| 942 ## - ADDED ENTRY ELEMENTS (KOHA) | |
| Source of classification or shelving scheme | Dewey Decimal Classification |
| Koha item type | Books |
| Lost status | Source of classification or shelving scheme | Damaged status | Not for loan | Collection code | Permanent Location | Current Location | Shelving location | Date acquired | Source of acquisition | Total Checkouts | Full call number | Date last seen | Copy number | Koha item type |
|---|---|---|---|---|---|---|---|---|---|---|---|---|---|---|
| Dewey Decimal Classification | Non-fiction | Central Library, University of Rajshahi | Central Library, University of Rajshahi | 11/05/1976 | B.N.B.C | 658.1552 INS 1963 | 09/02/2014 | C-4 | Books | |||||
| Dewey Decimal Classification | Non-fiction | Central Library, University of Rajshahi | Central Library, University of Rajshahi | 11/05/1976 | B.N.B.C | 658.1552 INS 1963 | 07/04/2019 | C-2 | Books | |||||
| Dewey Decimal Classification | Not For Loan | Non-fiction | Central Library, University of Rajshahi | Central Library, University of Rajshahi | Reading Room | 11/05/1976 | B.N.B.C | 658.1552 INS 1956 | 07/04/2019 | C-1 | Books |